[Event "South African op"]
[Site "Cape Town"]
[Date "2022.07.17"]
[Round "11"]
[White "Frank, Daniel"]
[Black "Snyckers, Frank A"]
[Result "1/2-1/2"]
[WhiteElo "1590"]
[BlackElo "1797"]
[PlyCount "57"]
[EventDate "2022.07.09"]
[EventType "swiss"]
[EventRounds "11"]
[EventCountry "RSA"]
[SourceTitle "CBM 209 Extra"]
[Source "ChessBase"]
[SourceDate "2022.09.30"]
[SourceVersion "1"]
[SourceVersionDate "2022.09.30"]
[SourceQuality "1"]

1. e4 e5 2. Nf3 Nc6 3. Bc4 Nf6 4. Nc3 Be7 5. d3 0-0 6. 0-0 d6 7. h3 Na5 8. Bb3 Nxb3 9. axb3 c6 10. Bg5 h6 11. Bh4 Qc7 12. Nh2 g5 13. Bg3 Kh7 14. Ng4 Nxg4 15. hxg4 a6 16. f3 Be6 17. Qe2 Rh8 18. Kf2 Kg7 19. Rh1 f6 20. Qe3 Bd8 21. Ke2 Qb6 22. Bf2 Qxe3+ 23. Bxe3 b5 24. Bf2 Bc7 25. Nd1 d5 26. Ne3 d4 27. Nf1 Bf7 28. Ng3 Bg6 29. Be1 1/2-1/2

[Event "South African op"]
[Site "Cape Town"]
[Date "2022.07.16"]
[Round "9"]
[White "Frank, Daniel"]
[Black "Selkirk, Rebecca"]
[Result "1/2-1/2"]
[WhiteElo "1590"]
[BlackElo "1745"]
[PlyCount "57"]
[EventDate "2022.07.09"]
[EventType "swiss"]
[EventRounds "11"]
[EventCountry "RSA"]
[SourceTitle "CBM 209 Extra"]
[Source "ChessBase"]
[SourceDate "2022.09.30"]
[SourceVersion "1"]
[SourceVersionDate "2022.09.30"]
[SourceQuality "1"]

1. e4 c6 2. d4 d5 3. Nc3 dxe4 4. Nxe4 Nd7 5. Nf3 Ngf6 6. Ng3 e6 7. Bd3 c5 8. c3 Qc7 9. Be3 c4 10. Be2 Bd6 11. Qa4 Nd5 12. Ne4 N5b6 13. Qb5 a6 14. Qg5 0-0 15. h4 Nd5 16. Nxd6 Qxd6 17. Bxc4 h6 18. Qh5 Nxe3 19. fxe3 Qg3+ 20. Kd2 b5 21. Be2 Bb7 22. Rh3 Qxg2 23. Rg1 Bxf3 24. Rxg2 Bxh5 25. Bxh5 Nf6 26. Bf3 Rad8 27. e4 b4 28. e5 Nd5 29. Bxd5 1/2-1/2

[Event "South African op"]
[Site "Cape Town"]
[Date "2022.07.12"]
[Round "6"]
[White "Macheka, Clayton"]
[Black "Frank, Daniel"]
[Result "1-0"]
[WhiteElo "1618"]
[BlackElo "1590"]
[PlyCount "71"]
[EventDate "2022.07.09"]
[EventType "swiss"]
[EventRounds "11"]
[EventCountry "RSA"]
[SourceTitle "CBM 209 Extra"]
[Source "ChessBase"]
[SourceDate "2022.09.30"]
[SourceVersion "1"]
[SourceVersionDate "2022.09.30"]
[SourceQuality "1"]

1. e4 c6 2. d4 d5 3. exd5 cxd5 4. Bd3 Nc6 5. c3 Nf6 6. Bf4 Bg4 7. Qb3 Qc8 8. Nd2 e6 9. h3 Bh5 10. Ngf3 Be7 11. 0-0 Bg6 12. Bxg6 hxg6 13. Rfe1 Qd7 14. Ne5 Nxe5 15. Bxe5 Bd6 16. Bxd6 Qxd6 17. Qxb7 Rb8 18. Qxa7 Rxb2 19. Qa8+ Rb8 20. Qa4+ Nd7 21. Rab1 0-0 22. Rxb8 Rxb8 23. Rb1 Rxb1+ 24. Nxb1 Qf4 25. Qc2 Nb6 26. Nd2 g5 27. Nf3 g4 28. hxg4 Qxg4 29. Ne5 Qf4 30. a4 f6 31. a5 fxe5 32. axb6 e4 33. b7 e3 34. f3 Qg3 35. Qe2 Kf7 36. f4 1-0

[Event "South African op"]
[Site "Cape Town"]
[Date "2022.07.10"]
[Round "4"]
[White "Davies, Jason S"]
[Black "Frank, Daniel"]
[Result "1-0"]
[WhiteElo "2026"]
[BlackElo "1590"]
[PlyCount "99"]
[EventDate "2022.07.09"]
[EventType "swiss"]
[EventRounds "11"]
[EventCountry "RSA"]
[SourceTitle "CBM 209 Extra"]
[Source "ChessBase"]
[SourceDate "2022.09.30"]
[SourceVersion "1"]
[SourceVersionDate "2022.09.30"]
[SourceQuality "1"]

1. d4 Nf6 2. c4 g6 3. Nc3 d5 4. e3 Bg7 5. Nf3 Bg4 6. Qb3 Qc8 7. Ne5 b6 8. cxd5 0-0 9. Bb5 a6 10. Bc6 Nxc6 11. Nxc6 Re8 12. 0-0 Bd7 13. Bd2 Qb7 14. Ne5 e6 15. Nxd7 Nxd7 16. Rac1 e5 17. dxe5 Nxe5 18. Ne2 Rad8 19. e4 Ng4 20. f3 Nf6 21. Rfd1 Nxd5 22. Bg5 Rd7 23. Nf4 Nf6 24. Bxf6 Rxd1+ 25. Rxd1 Bxf6 26. Rd7 Rf8 27. Nd5 Qc6 28. Rxc7 Bd4+ 29. Kf1 Qd6 30. g3 Kh8 31. Rc4 Qe5 32. Qb4 Bc5 33. Qc3 Qxc3 34. Rxc3 a5 35. Rc2 Re8 36. Ke2 Kg7 37. Kd3 Bg1 38. h3 h5 39. a4 Bc5 40. Kc4 Bd6 41. g4 hxg4 42. hxg4 Rc8+ 43. Kd3 Rxc2 44. Kxc2 Bc5 45. g5 Kf8 46. Kd3 Ke8 47. Kc4 Kd7 48. Kb5 Kd6 49. f4 Bd4 50. Nxb6 1-0

[Event "South African op"]
[Site "Cape Town"]
[Date "2022.07.10"]
[Round "3"]
[White "Frank, Daniel"]
[Black "Kedama, Sandiso"]
[Result "1-0"]
[WhiteElo "1590"]
[BlackElo "1738"]
[PlyCount "101"]
[EventDate "2022.07.09"]
[EventType "swiss"]
[EventRounds "11"]
[EventCountry "RSA"]
[SourceTitle "CBM 209 Extra"]
[Source "ChessBase"]
[SourceDate "2022.09.30"]
[SourceVersion "1"]
[SourceVersionDate "2022.09.30"]
[SourceQuality "1"]

1. e4 c6 2. d4 d5 3. Nc3 dxe4 4. Nxe4 Nd7 5. Nf3 Ngf6 6. Ng3 e6 7. Bd3 Be7 8. c3 c5 9. 0-0 0-0 10. Re1 b6 11. Bf4 Bb7 12. Qe2 Qc8 13. Ng5 Qc6 14. Qf1 cxd4 15. Bb5 Qc5 16. cxd4 Qxd4 17. Be3 Qh4 18. Nf3 Qb4 19. a3 Qxb2 20. Reb1 Qc2 21. Rc1 Qg6 22. Nh4 Qg4 23. Rc4 Be4 24. Nxe4 Nxe4 25. Bxd7 Qxh4 26. Bc6 Rac8 27. Rxe4 Qh5 28. Rc4 Bf6 29. Rac1 Qe5 30. Bd4 Qg5 31. Bxf6 Qxf6 32. Be4 Rcd8 33. Qe2 g6 34. Rc7 a5 35. R7c6 Qf4 36. g3 Qb8 37. Qb5 Rd6 38. Rxd6 Qxd6 39. a4 Qd4 40. Rc4 Qa1+ 41. Kg2 Rb8 42. Rc6 Qd4 43. Qc4 Qd8 44. h4 h5 45. Bxg6 fxg6 46. Qxe6+ Kh8 47. Qxg6 Qd5+ 48. Kh2 Rf8 49. Qh6+ Kg8 50. Rg6+ Kf7 51. Rf6+ 1-0

[Event "South African op"]
[Site "Cape Town"]
[Date "2022.07.09"]
[Round "2"]
[White "Simpson, Michael"]
[Black "Frank, Daniel"]
[Result "1-0"]
[WhiteElo "1860"]
[BlackElo "1590"]
[PlyCount "113"]
[EventDate "2022.07.09"]
[EventType "swiss"]
[EventRounds "11"]
[EventCountry "RSA"]
[SourceTitle "CBM 209 Extra"]
[Source "ChessBase"]
[SourceDate "2022.09.30"]
[SourceVersion "1"]
[SourceVersionDate "2022.09.30"]
[SourceQuality "1"]

1. Nf3 g6 2. e4 c5 3. d4 cxd4 4. Qxd4 Nf6 5. e5 Nc6 6. Qa4 Nd5 7. Qe4 Nb6 8. Nc3 Bg7 9. Bf4 0-0 10. 0-0-0 d5 11. exd6 Bf5 12. dxe7 Qxe7 13. Qxe7 Nxe7 14. Bd6 Rfe8 15. Bb5 Nc6 16. Bc7 Rec8 17. Bxb6 axb6 18. Nd5 Rxa2 19. Bxc6 Bh6+ 20. Ne3 bxc6 21. Nd4 Be4 22. Rhg1 Bg7 23. c3 Bh6 24. Ndc2 Rca8 25. Rde1 c5 26. f3 Bc6 27. Kb1 R2a4 28. Ng4 Bg5 29. Ne5 Bd5 30. Na3 Be6 31. Kc2 Rd8 32. Rd1 Bf5+ 33. Kb3 Rda8 34. Nd7 Be6+ 35. Kc2 Bf5+ 36. Kb3 R4a6 37. Nb5 c4+ 38. Kxc4 Be6+ 39. Rd5 Rc8+ 40. Kd4 Bxd5 41. Kxd5 Ra2 42. Rb1 Rd8 43. Kc6 Raa8 44. Nxb6 Rab8 45. c4 Rd2 46. b4 Bd8 47. Nd5 Rc8+ 48. Ndc7 Bxc7 49. Nxc7 Kf8 50. b5 Re2 51. b6 Rb8 52. b7 Re7 53. Ra1 Kg7 54. Ra8 Rxb7 55. Kxb7 Re2 56. Ne8+ Kh6 57. c5 1-0